Normal view
MARC view
Entry Personal Name
001 - CONTROL NUMBER
- control field: 19378
003 - CONTROL NUMBER IDENTIFIER
- control field: dpl
005 - DATE AND TIME OF LATEST TRANSACTION
- control field: 20100910115411.0
008 - FIXED-LENGTH DATA ELEMENTS
- fixed length control field: 100910|||a|||||| | ||| d
040 ## - CATALOGING SOURCE
- Original cataloging agency: dpl
- Transcribing agency: dpl
100 ## - HEADING--PERSONAL NAME
- Personal name: पन्त, सुमित्रानन्दन
670 ## - SOURCE DATA FOUND
- Source citation: Work cat.: (dpl)36040: पन्त, सुमित्रानन्दन, पल्लव /, 2010 (आवृत्ति)
670 ## - SOURCE DATA FOUND
- Source citation: Work cat.: (dpl)36040: पन्त, सुमित्रानन्दन, पल्लव /, 2010 (आवृत्ति)
